Quizzes
Events
Quiz Creation
Community
Videos
Private Events
Remove Ads
Sign In
Join for FREE
Feedback
Dark Mode
Quiz Categories
Sports
Geography
Music
Movies
Television
Just For Fun
Miscellaneous
History
Literature
Language
Science
Gaming
Entertainment
Religion
Holiday
For Kids
Quiz Lab
Recent
Popular Today
Quiz Kudos Today
Editor Picks
Curator Picks
Quizzes by...
Day
Popularity
Type
Ratings
Length
Year
Community
Subscriptions
Recent Discussions
Orange Saloon
Badges
Playlists
Quests
Create
Leaderboards
Showdown
Live 5
Trivia Bingo
Activity
Puzzle Library
Sporcle Events
Private Events
Virtual Trivia
Globe League
Become a Host
Pub Owners
SporcleCon
Opinionation
Our Games
Videos
Blog
Mobile Apps
Partnerships
Remove Ads and Go Orange
Feedback
Sports
Athletes
MLB
NBA
NHL
NFL
Soccer
Sports Teams
WWE
NCAA
Football
Premier League
Basketball
Baseball
Hockey
Golf
Tennis
Cricket
Rugby
Auto Racing
Olympics
World Cup
Sports
Athletes
MLB
NBA
NHL
NFL
Soccer
Sports Teams
WWE
NCAA
Football
Premier League
Basketball
Baseball
Hockey
Golf
Tennis
Cricket
Rugby
Auto Racing
Olympics
World Cup
Random Quiz
Search Sporcle
×
Quiz Lab
Quiz Lab
Sports
Auto Racing
Type in answers that appear in a list
Type in answers that appear in a list
Classic
Best Score? Go Orange.
2013 race winners: Formula 1, Indycar & NASCAR Stats
Can you name the 2013 race winners: Formula 1, Indycar & NASCAR?
By
ericservo
10m
56 Questions
111 Plays
111 Plays
111 Plays
Comments
Comments
Give Quiz Kudos
Give Quiz Kudos
-
- Ratings
hide this ad
Replay
Link that replays current quiz
Next Quiz
Link to next quiz in quiz playlist
You Got
0%
They Got
Avg Score
68%
Avg Friend Score
Upgrade to see
Score Distribution
Jump to the score distribution portion of the page
Score
0/56
Timer
10:00
0
Plays Today
Hint
Answer
% Correct
Formula 1
Lewis Hamilton
95.5%
Formula 1
Sebastian Vettel
92.8%
NASCAR Sprint Cup
Jimmie Johnson
92.8%
NASCAR Sprint Cup
Kyle Busch
92.8%
NASCAR Nationwide Series
Kyle Busch
92.8%
NASCAR Truck Series
Kyle Busch
92.8%
Indycar
Scott Dixon
91%
Indycar
Will Power
87.4%
Formula 1
Nico Rosberg
86.5%
Formula 1
Fernando Alonso
84.7%
NASCAR Sprint Cup
Jeff Gordon
83.8%
Indycar
Ryan Hunter-Reay
82%
NASCAR Sprint Cup
Matt Kenseth
82%
NASCAR Sprint Cup
Brad Keselowski
82%
NASCAR Nationwide Series
Brad Keselowski
82%
NASCAR Nationwide Series
Matt Kenseth
82%
NASCAR Sprint Cup
Denny Hamlin
80.2%
NASCAR Sprint Cup
Tony Stewart
79.3%
NASCAR Sprint Cup
Joey Logano
79.3%
NASCAR Nationwide Series
Joey Logano
79.3%
NASCAR Nationwide Series
Tony Stewart
79.3%
Indycar
Helio Castroneves
78.4%
NASCAR Sprint Cup
Kevin Harvick
76.6%
NASCAR Nationwide Series
Kevin Harvick
76.6%
NASCAR Sprint Cup
Carl Edwards
74.8%
Formula 1
Kimi Raikkonen
73.9%
Indycar
Tony Kanaan
73.9%
NASCAR Sprint Cup
Martin Truex Jr.
73.9%
Hint
Answer
% Correct
NASCAR Sprint Cup
Kasey Kahne
73%
NASCAR Truck Series
Austin Dillon
69.4%
NASCAR Truck Series
Ty Dillon
68.5%
NASCAR Sprint Cup
Ryan Newman
65.8%
Indycar
Simon Pagenaud
63.1%
Indycar
James Hinchcliffe
62.2%
NASCAR Sprint Cup
Greg Biffle
62.2%
NASCAR Nationwide Series
Sam Hornish Jr.
60.4%
NASCAR Truck Series
Kyle Larson
60.4%
NASCAR Truck Series
Matt Crafton
58.6%
Indycar
Takuma Sato
57.7%
NASCAR Truck Series
Darrell Wallace Jr.
55.9%
NASCAR Sprint Cup
Jamie McMurray
55%
NASCAR Truck Series
Johnny Sauter
55%
NASCAR Sprint Cup
David Ragan
51.4%
NASCAR Nationwide Series
Ryan Blaney
51.4%
NASCAR Truck Series
Chase Elliott
51.4%
NASCAR Truck Series
Ryan Blaney
51.4%
NASCAR Sprint Cup
Brian Vickers
49.5%
NASCAR Nationwide Series
Regan Smith
49.5%
Indycar
Mike Conway
48.6%
NASCAR Truck Series
Erik Jones
48.6%
NASCAR Nationwide Series
AJ Allmendinger
44.1%
NASCAR Truck Series
James Buescher
44.1%
Indycar
Charlie Kimball
43.2%
NASCAR Truck Series
Jeb Burton
43.2%
NASCAR Truck Series
Timothy Peters
42.3%
NASCAR Nationwide Series
Trevor Bayne
41.4%
Quiz Playlist
Details
Report
Send in Message
Add To Playlist
Classic:
Type in answers that appear in a list
Last Updated: Feb 16, 2017
Quiz Scoreboard
CHALLENGE
Sign Up to Join the Scoreboard
Show All
Scores
Hide
Comments
May contain spoilers
Recently Published
Street Fighter Characters
by Artimus82
Gaming
60s
9x9 Crossword: Cartoon Network
by jackfrog10
Miscellaneous
3m
College Basketball Coaching Resumes
by pancakes188
Sports
9m
More to Explore
Quiz From the Vault
Featured Blog Post
Where Did the Easter Bunny Come From?
hide this ad
You Might Also Like...
Tags
Auto Racing Quiz
Formula 1
Indycar
NASCAR
Today's Top Quizzes in Sports
Browse Sports
hide this ad
Today's Top Quizzes in Auto Racing
Browse Auto Racing
Top Contributed Quizzes in Sports
1
2022 World Cup Stars
2
Les meilleurs buteurs des matchs entre le PSG et l’OM
3
FIFA Club World Cup Champions
4
Les entraîneurs de l'OM et du PSG au 21e siècle
5
Criteria MLB: Left Handed Sluggers
6
2023 MLB Unique Player Accomplishments
7
AFC Teams Reveal (Wrong Answers Minefield)
8
Players with Multiple 50 Home Run Seasons
9
5-to-1: FBS Animal Nicknames
10
5-to-1: UK Sports Teams
Explore More
Trending Topics
Harry Potter
Marvel
Anime
NBA
Kpop
Disney
Crossword
Country
WWE
NFL
The Office
Pokémon
Song
Soccer
Puzzle
hide this ad
More By:
ericservo
Quiz
Plays
Rating
Category
Featured
Created
Most recent Formula 1 winner by nation
901
4.88
Sports
Oct 2, 2016
2017 race winners: Formula 1, Indycar & NASCAR
531
5.00
Sports
Aug 3, 2017
Indycar winners since 2008 merger
510
5.00
Sports
Dec 17, 2016
2016 race winners: Formula 1, Indycar & NASCAR
499
4.00
Sports
Aug 11, 2016
Most Formula 1 starts without
430
5.00
Sports
Apr 6, 2017
Go to Creator's Profile
Score Distribution
Quiz Creator Spotlight
ericservo
Follow
Send a Message
Quizzes Created
-
Created Quiz Play Count
-
More By This Creator
Popular Quizzes Today
1
Find the US States - No Outlines Minefield
2
Find the Countries of Europe - No Outlines Minefield
3
The Countries of the World
4
Find the US States
5
Risky Map Clicking: Biggest States A-Z
6
US States
7
Popular People in 1961
8
Movies - When Are They Set?
More Sports Quizzes
A Very Roman Super Bowl Quiz
Quiz Lab
Trending Quizzes
Risky Map Clicking: Least Populous States A-Z
1-10 Letter G Words
Risky Map Clicking: Next State Alphabetically
Adjectives in 80s TV Shows
The Seven Year Switch: Catherine
Recently Updated
Leaping Animals
pecheneg
Reality TV Shows (A-Z)
bhenderson79
Rickey Henderson's Hall of Fame Teammates
pecheneg
Champions League XIs: Arsenal
pecheneg
Quick Pick: Celebrities in WWE's Hall of Fame
aduchscher
A-Z Keypad Blitz II
pecheneg
Multiple Oscar Actors
pecheneg
Mystery Phrase Blitz: Oscar 'Best Actors'
pecheneg
F. Scott Fitzgerald Novels
LTH
Pick 3 Villains
ddd62291
Trending Topics
Crossword
Anime
Kpop
NBA
Disney
Marvel
Harry Potter
Pokémon
The Office
Song
Soccer
Puzzle
NFL
Country
WWE
Your Account Isn't Verified!
In order to create a playlist on Sporcle, you need to verify the email address you used during registration. Go to your
Sporcle Settings
to finish the process.
Report this User
Report this user for behavior that violates our
Community Guidelines
.
Details:
Send Report
Go to the Sporcle.com Mobile Site →
Comments